000 00819nam a22002657a 4500
001 BR9509045
003 BR-BrBNA
005 20230928094751.0
007 ta
008 230509b bl.||||| |||| 00| 0 por d
040 _aBR-BrBNA
_bpor
_cBiblioteca Nacional de Agricultura
041 _a(Por)
072 _aE14; E20
090 _ E14 BR9509045
110 1 _aSuperintendencia do Desenvolvimento da Amazonia, Belem, PA (Brasil)
245 1 _aPDA - Capitulo 10. Projetos estrategicos 10.2 Desenvolvimento cientifico e Tecnologico. Termos de referencia
260 3 _aBelem, PA (Brasil):
_c1995.
300 _a87 p.
650 _aProjeto de Desenvolvimento
650 _aDifusao de Tecnologia
650 _aPlanejamento Florestal
650 _aAmazonia
909 _a202309
_bLucia
_c55
_dLucia Elande
942 _cBK
999 _c52526
_d52526